000
00260nam a22001217a 4500
008
170905b xxu||||| |||| 00| 0 eng d
041
_a
eng
080
_a
070
100
_a
40
101
_a
MED
245
_a
CONVERGING MEDIA
_c
PAVLIK.J.V
942
_2
udc
_c
BK
999
_c
26204
_d
26204